[Event "WchT U26"]
[Site "Paranana"]
[Date "1993.??.??"]
[Round "?"]
[White "Postl, Anton"]
[Black "Tratar, Marko"]
[Result "1-0"]
[WhiteElo "2290"]
[BlackElo "2290"]

1.d4 Nf6 2.c4 g6 3.Nc3 Bg7 4.e4 d6 5.Be2 O-O 6.Nf3 e5 7.O-O Nc6 8.d5 Ne7
9.b4 a5 10.bxa5 c5 11.Nd2 Rxa5 12.Nb3 Ra6 13.Qc2 Nd7 14.Bd2 f5 15.f3 Nf6
16.a4 f4 17.g4 fxg3 18.hxg3 Qd7 19.g4 h5 20.g5 Nh7 21.Rf2 Qd8 22.Rg2 Bh3
23.Rg3 Bd7 24.Kh2 Nc8 25.a5 Qe7 26.Nb5 Rf4 27.Rag1 Rh4+ 28.Kg2 Qd8 29.Nxd6 Nxd6
30.Nxc5 Ra8 31.Nxd7 Qxd7 32.c5 Nf7 33.Qb3 Rf4 34.Qb6 Nf8 35.Rb1 Nd8 36.a6 bxa6
37.c6 Nxc6 38.Qxc6 Qd8 39.d6 h4 40.Rh3 Qxg5+ 41.Kh1 Qd8 42.Rb7 g5 43.Qd5+ Kh8
44.Bxf4 exf4 45.e5 Qc8 46.Rh2 Qc1+ 47.Bd1 Qe3 48.Re2  1-0

[Event "WchT U26"]
[Site "Paranana"]
[Date "1993.??.??"]
[Round "?"]
[White "Hauchard, Arnaud"]
[Black "Tratar, Marko"]
[Result "1-0"]
[WhiteElo "2450"]
[BlackElo "2290"]

1.d4 Nf6 2.c4 g6 3.Nc3 Bg7 4.e4 d6 5.Be2 O-O 6.Nf3 e5 7.O-O Nc6 8.d5 Ne7
9.Ne1 Nd7 10.Nd3 f5 11.Bd2 Nf6 12.f3 Kh8 13.Rc1 c5 14.Rb1 Neg8 15.b4 b6 16.bxc5 bxc5
17.Qa4 Ne8 18.Qc6 Bd7 19.Qb7 Bh6 20.Bxh6 Nxh6 21.f4 fxe4 22.Nxe4 exf4 23.Nxf4 Rf7
24.Bd3 Kg8 25.Rbe1 Rb8 26.Qa6 Nf5 27.Ne2 Bc8 28.Qa3 Rbb7 29.Qc1 Nf6 30.Qg5 Kg7
31.Nf4 Kh8 32.Ne6 Qe7 33.Nxf6  1-0

[Event "Pardubice op"]
[Site "Pardubice"]
[Date "1993.??.??"]
[Round "9"]
[White "Neverov, Valeriy"]
[Black "Reinderman, Dimitri"]
[Result "1-0"]
[WhiteElo "2535"]
[BlackElo "2435"]

1.d4 Nf6 2.c4 g6 3.Nc3 Bg7 4.e4 d6 5.Nf3 O-O 6.Be2 e5 7.O-O Nc6 8.d5 Ne7
9.Ne1 Nd7 10.Nd3 f5 11.Bd2 Kh8 12.Rc1 Nf6 13.f3 c6 14.Be3 c5 15.b4 b6 16.Rb1 h5
17.a4 f4 18.Bf2 g5 19.a5 Ng6 20.Ra1 Rb8 21.Nb5 Rf7 22.axb6 axb6 23.Na7 Bd7
24.Nc6 Bxc6 25.dxc6 g4 26.fxg4 Nxe4 27.gxh5 Nh4 28.Bf3 Nxf3+ 29.Qxf3 d5 30.h6 Bf6
31.Qh5 Re7 32.cxd5 c4 33.Qf3 cxd3 34.Qxe4 Qd6 35.Rfd1 Rh7 36.Rxd3 Rg8 37.Bxb6 Be7
38.Raa3 f3 39.Rxf3 Rxh6 40.Bc5 Qc7 41.Rh3 Bxc5+ 42.bxc5  1-0

[Event "Pardubice op"]
[Site "Pardubice"]
[Date "1993.??.??"]
[Round "9"]
[White "Terzic, Safet"]
[Black "Te, Roza"]
[Result "1-0"]
[WhiteElo "2360"]
[BlackElo "2240"]

1.d4 Nf6 2.c4 g6 3.Nc3 Bg7 4.e4 d6 5.Nf3 O-O 6.Be2 e5 7.O-O Nc6 8.d5 Ne7
9.Bg5 Ne8 10.b4 f5 11.c5 h6 12.Bc1 f4 13.Nd2 Nf6 14.Nc4 g5 15.Nb5 dxc5 16.bxc5 Nxe4
17.d6 cxd6 18.cxd6 Nc6 19.Qd5+ Kh8 20.Qxe4 Bf5 21.Qd5 a6 22.Nc7 Nd4 23.Bd1 Rc8
24.Nb6 Rxc7 25.dxc7 Qxc7 26.Ba3 Qxb6 27.Bxf8 Bxf8 28.Qxe5+ Bg7 29.Qe8+ Kh7
30.Bh5 f3 31.gxf3 Qd6 32.Rad1 Qf4 33.Rxd4 Qxd4 34.Re1 b5 35.Kg2 Qf6 36.Re7 a5
37.Rf7 Bg6 38.Bxg6+ Qxg6 39.Qe4 Qxe4 40.fxe4  1-0

[Event "Paris-ch"]
[Site "Paris"]
[Date "1993.??.??"]
[Round "7"]
[White "Leroy, Adrien"]
[Black "Berthelot, Yannick"]
[Result "0-1"]
[WhiteElo "2075"]
[BlackElo "2340"]

1.d4 Nf6 2.c4 g6 3.Nc3 Bg7 4.e4 d6 5.Nf3 O-O 6.Be2 e5 7.O-O Nc6 8.d5 Ne7
9.Ne1 Nd7 10.Nd3 f5 11.Bd2 Kh8 12.exf5 gxf5 13.f4 Ng6 14.Kh1 Rg8 15.fxe5 Ndxe5
16.Nf4 Nxf4 17.Bxf4 a6 18.Qd2 Bd7 19.a4 Qe7 20.Rae1 Bf6 21.Bd3 Qf7 22.Bxe5 Bxe5
23.Rf3 Rg4 24.h3 Qh5 25.Ref1 Rg5 26.Ne2 Rag8 27.Nf4 Qh6 28.a5 Qg7 29.R1f2 Bxf4
30.Rxf4 Rg3 31.R4f3 f4 32.Qc3 Qxc3 33.bxc3 b6 34.axb6 cxb6 35.c5 bxc5 36.Bxa6 R3g5
37.Rxf4 Rxd5 38.Bc4 Rd1+ 39.Kh2 Rd8 40.Rf7 Bc6 41.Rc7 Be4 42.Re7 d5 43.Bb3 Rc1
44.Rc7 Rxc3 45.Ba4 c4 46.Bc6 Rg8 47.Re2 Rcg3  0-1

[Event "World op"]
[Site "Philadelphia"]
[Date "1993.??.??"]
[Round "?"]
[White "Paschall, William M"]
[Black "Hastings, Jonathan"]
[Result "0-1"]
[WhiteElo "2215"]
[BlackElo "2210"]

1.d4 Nf6 2.c4 g6 3.Nc3 Bg7 4.e4 d6 5.Nf3 O-O 6.Be2 e5 7.O-O Nc6 8.d5 Ne7
9.b4 Nh5 10.c5 Nf4 11.Bxf4 exf4 12.Rc1 f5 13.e5 dxe5 14.d6 cxd6 15.cxd6 Nc6
16.b5 Bd7 17.bxc6 Bxc6 18.Qd2 g5 19.Bb5 g4 20.Bxc6 bxc6 21.Ne1 f3 22.g3 e4
23.Nc2 Qe8 24.Rcd1 Qh5 25.Ne1 Qh3 26.d7 Rad8 27.Qg5  0-1

[Event "World op"]
[Site "Philadelphia"]
[Date "1993.??.??"]
[Round "?"]
[White "Baumbach, Friedrich"]
[Black "Hastings, Jonathan"]
[Result "1-0"]
[WhiteElo "2345"]
[BlackElo "2210"]

1.d4 Nf6 2.c4 g6 3.Nc3 Bg7 4.e4 d6 5.Nf3 O-O 6.Be2 e5 7.O-O Nc6 8.d5 Ne7
9.b4 Nh5 10.Nd2 Nf4 11.Bf3 f5 12.c5 g5 13.exf5 Nxf5 14.g3 Nd4 15.Bg4 dxc5
16.bxc5 Nxd5 17.Nce4 h6 18.Bb2 Bxg4 19.Qxg4 Nf6 20.Nxf6+ Qxf6 21.Rad1 Rad8
22.Qe4 Qc6 23.Qxc6 Nxc6 24.Nc4 Nd4 25.Kg2 Rd5 26.Ne3 Rd7 27.Rd3 b6 28.Ra3 c6
29.cxb6 axb6 30.Ra6 b5 31.Ba3 Rc8 32.Rc1 h5 33.Bc5 Bf8 34.a4 Nb3  1-0

[Event "World op"]
[Site "Philadelphia"]
[Date "1993.??.??"]
[Round "6"]
[White "Browne, Walter S"]
[Black "Kreiman, Boris"]
[Result "1-0"]
[WhiteElo "2515"]
[BlackElo "2400"]

1.d4 Nf6 2.c4 g6 3.Nc3 Bg7 4.e4 d6 5.Nf3 O-O 6.Be2 e5 7.O-O Nc6 8.d5 Ne7
9.Nd2 c6 10.a3 Ne8 11.b4 f5 12.Bb2 Kh8 13.dxc6 bxc6 14.Nb3 Nf6 15.c5 d5 16.exd5 Nfxd5
17.Nxd5 Nxd5 18.Na5 Nf4 19.g3 Qxd1 20.Bxd1 Nh3+ 21.Kg2 f4 22.Bf3 Ng5 23.Bxc6 Bh3+
24.Kh1 f3 25.Rg1 Rad8 26.Nc4 Rd3 27.Rae1 e4 28.Bc1 Bc3 29.Bxg5 Bg2+ 30.Rxg2 fxg2+
31.Kxg2 Bxe1 32.Be3 Rxe3 33.fxe3 Rf2+ 34.Kh3 Rc2 35.Bd5 Rf2 36.c6 Rf8 37.Be6  1-0

[Event "World op"]
[Site "Philadelphia"]
[Date "1993.??.??"]
[Round "7"]
[White "Yermolinsky, Alex"]
[Black "Fedorowicz, John P"]
[Result "1-0"]
[WhiteElo "2605"]
[BlackElo "2545"]

1.d4 Nf6 2.c4 g6 3.Nc3 Bg7 4.e4 d6 5.Be2 O-O 6.Nf3 e5 7.O-O Nc6 8.d5 Ne7
9.Bg5 Nh5 10.Ne1 Nf4 11.Nd3 Nxd3 12.Bxd3 f6 13.Be3 f5 14.f3 c5 15.Rb1 f4
16.Bf2 g5 17.b4 b6 18.bxc5 bxc5 19.Be2 h5 20.Bxc5 dxc5 21.d6 Be6 22.dxe7 Qxe7
23.Nd5 Qf7 24.Rb5 Rac8 25.Qb3 Rfd8 26.Rb7 Rd7 27.Rxd7 Qxd7 28.Rb1 Kh7 29.Qb7 Rd8
30.Qxd7 Rxd7 31.Rb5 Kg6 32.Rxc5 Rb7 33.Rb5 Rxb5 34.cxb5 Bf8 35.a4 Bxd5 36.exd5 Bb4
37.Kf1 Kf6 38.Bd1 Ke7 39.Ke2 Kd6 40.Bb3 g4 41.Kd3 g3 42.h3 h4 43.Ke4 Ba5
44.Kf5 Bd8 45.Ba2 Ba5 46.Kg4 Bd8 47.a5 Bxa5 48.Kxh4 Kc5 49.Kg4 Kd4 50.h4 Bc7
51.h5 e4 52.h6 Be5 53.h7 Ke3 54.d6 exf3 55.Bd5 fxg2 56.Bxg2 Kf2 57.d7  1-0

[Event "Podolsk"]
[Site "Podolsk"]
[Date "1993.??.??"]
[Round "?"]
[White "Chernin, Alexander"]
[Black "Ehlvest, Jaan"]
[Result "1/2-1/2"]
[WhiteElo "2615"]
[BlackElo "2620"]

1.d4 Nf6 2.c4 g6 3.Nc3 Bg7 4.e4 d6 5.Nf3 O-O 6.Be2 e5 7.O-O Nc6 8.d5 Ne7
9.Nd2 a5 10.Rb1 Nd7 11.a3 f5 12.b4 Kh8 13.f3 Ng8 14.Qc2 Ngf6 15.Bd3 f4 16.Be2 Rg8
17.Na4 axb4 18.axb4 Bf8 19.c5 Be7 20.c6 bxc6 21.dxc6 Nf8 22.b5 Ne6 23.Bb2 g5
24.Bc4 g4 25.Qb3 Rg6 26.Bxe6 Bxe6 27.Qxe6 Rxa4 28.Qb3 gxf3 29.Rxf3 Ra8 30.Kh1 Qc8
31.h3 Qg8 32.Qxg8+ Rgxg8 33.Ra3 Kg7 34.Bc1 Rxa3 35.Bxa3 Ra8 36.Bb4 Kf7 37.b6 cxb6
38.Nc4 Ne8 39.Nxb6 Ra6 40.Be1 Bd8 41.Bf2 Ra2 42.Kg1 Bxb6 43.Rxb6 Rc2 44.Bh4 Nf6
45.Rb7+ Ke6 46.Bxf6 Kxf6 47.Rc7 h5 48.h4 Rc4 49.Rc8 Ke7 50.Rc7+ Ke6 51.Rc8 Ke7
52.Rc7+ Ke6 53.Rc8 d5 54.Re8+ Kd6 55.Rd8+ Kxc6 56.exd5+ Kc7 57.Re8 Kd6 58.Rd8+ Ke7
59.Rh8 Kd6 60.Rd8+ Ke7 61.Rh8 Rc1+ 62.Kf2 e4 63.Rxh5 e3+ 64.Ke2 Rc2+ 65.Kf1  1/2-1/2

[Event "Polanica Zdroj op"]
[Site "Polanica Zdroj"]
[Date "1993.??.??"]
[Round "3"]
[White "Astrom, Robert"]
[Black "Borkowski, Franciszek"]
[Result "1/2-1/2"]
[WhiteElo "2335"]
[BlackElo "2435"]

1.d4 Nf6 2.c4 g6 3.Nc3 Bg7 4.e4 d6 5.Nf3 O-O 6.Be2 e5 7.O-O Nc6 8.Be3 Ng4
9.Bg5 f6 10.Bh4 h5 11.h3 Nh6 12.dxe5 dxe5 13.c5 Be6 14.Qa4 Qe8 15.Bc4 g5
16.Bg3 Rf7 17.Bd5 Bf8 18.b4 a5 19.b5 Nd8 20.c6 b6 21.Qc4 Bd6 22.Rad1 Kh8
23.h4 g4 24.Ne1 Rg7 25.Nc2 Bc8 26.Ne3 Ne6 27.Bxe6 Bxe6 28.Qe2 Qg6 29.Rxd6 cxd6
30.Rd1 f5 31.exf5 Nxf5 32.Nxf5 Bxf5 33.Qe3 Rb8 34.Nd5 Be6 35.Nxb6 Bxa2 36.Ra1 Be6
37.Rxa5 Kh7 38.Kh2 Qh6 39.Qd3+ Qg6 40.Qxd6 Rxb6 41.Bxe5 Bc4 42.Qd8 Qf5 43.Bxg7 Qf4+
44.Kg1  1/2-1/2

[Event "RL-chA"]
[Site "Polch"]
[Date "1993.??.??"]
[Round "?"]
[White "Puth, Dieter"]
[Black "Schneiders, Marcus"]
[Result "0-1"]
[WhiteElo "2045"]
[BlackElo "1940"]

1.d4 Nf6 2.c4 g6 3.Nc3 Bg7 4.e4 d6 5.Nf3 O-O 6.Be2 e5 7.O-O Nc6 8.d5 Ne7
9.Ne1 Nd7 10.Nd3 f5 11.Bd2 Nf6 12.f3 f4 13.c5 g5 14.cxd6 cxd6 15.Nf2 h5 16.h3 Ng6
17.Qc2 Rf7 18.Rfc1 Ne8 19.a4 Bf8 20.Ra3 Nh4 21.Nb5 a6 22.Rc3 Bd7 23.Na3 g4
24.fxg4 Rg7 25.b4 hxg4 26.hxg4 Nf6 27.Rc7 Rb8 28.b5 Nh5 29.bxa6 bxa6 30.Ba5 Qf6
31.Rxd7 Rxd7 32.gxh5 f3 33.Bxf3 Nxf3+ 34.gxf3 Qxf3 35.Qd3 Rg7+ 36.Kf1 Qg2+
37.Ke2 Rg3 38.Qxa6 Rxa3 39.Bd2 Ra2 40.Rd1 Rbb2 41.Qa5 Qg5 42.Kd3 Ra3+ 43.Ke2 Qxh5+
44.Ke1 Re3+ 45.Kf1 Qe2+ 46.Kg2 Qf3+  0-1

[Event "Police op"]
[Site "Police"]
[Date "1993.??.??"]
[Round "1"]
[White "Urban, Klaudiusz"]
[Black "Kazmierska, Malgorzata"]
[Result "1-0"]
[WhiteElo "2450"]
[BlackElo "2015"]

1.d4 Nf6 2.c4 g6 3.Nc3 Bg7 4.e4 d6 5.Nf3 O-O 6.Be2 e5 7.O-O Nc6 8.d5 Ne7
9.Ne1 Ne8 10.Be3 f5 11.f3 f4 12.Bf2 g5 13.c5 Nf6 14.Rc1 Ng6 15.cxd6 cxd6
16.Nb5 Rf7 17.Qc2 Ne8 18.Nxa7 Bd7 19.Qb3 Bf8 20.Bb6 Qf6 21.Bb5 h5 22.Bxd7 Rxd7
23.Nb5 g4 24.Nc7 Nxc7 25.Rxc7 Qg7 26.Rxd7 Qxd7 27.Rf2 Be7 28.Rc2 Rc8 29.Rxc8+ Qxc8
30.Qc2 Qxc2 31.Nxc2 gxf3 32.gxf3 Kf8 33.Na3 Ke8 34.Nc4 Kd7 35.a4 Kc8 36.b4 Nf8
37.Bf2 Kc7 38.Kf1 Nd7 39.a5 Nf6 40.Kg2 Nh7 41.b5 Nf8 42.Be1 Nd7 43.Bb4 Nb8
44.Nxe5  1-0

[Event "Porz op29"]
[Site "Porz"]
[Date "1993.??.??"]
[Round "1"]
[White "Zagorskis, Darius"]
[Black "Ax, Paul"]
[Result "1-0"]
[WhiteElo "2425"]
[BlackElo "1860"]

1.d4 Nf6 2.c4 g6 3.Nc3 Bg7 4.e4 d6 5.Nf3 O-O 6.Be2 e5 7.O-O Nc6 8.d5 Ne7
9.b4 Nd7 10.c5 f5 11.Ng5 Nf6 12.f3 f4 13.Bc4 Kh8 14.Ba3 Nh5 15.Ne6 Bxe6 16.dxe6 Rc8
17.Rf2 Nc6 18.cxd6 cxd6 19.Nb5 Nd4 20.Qd3 Qb6 21.Nxd4 Qxd4 22.Qxd4 exd4 23.Bb5 Bf6
24.Rd1 Ng7 25.Bd7 Rc4 26.Rfd2 a6 27.b5 Be5 28.bxa6 bxa6 29.Bb2 Rb8 30.Bxd4 Rxd4
31.Rxd4 Bxd4+ 32.Rxd4 Rb1+ 33.Kf2 Rb2+ 34.Kf1 Kg8 35.a4 Kf8 36.Rxd6 Ke7 37.Rxa6 Rb1+
38.Ke2 Rb2+ 39.Kd3 Rxg2 40.Bc8 Rg5 41.Ra7+ Kf6 42.Rf7+  1-0

[Event "Porz op29"]
[Site "Porz"]
[Date "1993.??.??"]
[Round "2"]
[White "Wicht, Juergen"]
[Black "Neverov, Valeriy"]
[Result "0-1"]
[WhiteElo "2005"]
[BlackElo "2535"]

1.d4 Nf6 2.c4 g6 3.Nc3 Bg7 4.e4 d6 5.Be2 O-O 6.Nf3 e5 7.O-O Nc6 8.d5 Ne7
9.Ne1 Nd7 10.Bd2 f5 11.Nd3 Kh8 12.exf5 gxf5 13.f4 Ng6 14.g3 c6 15.Be3 Nb6
16.Nf2 exf4 17.gxf4 cxd5 18.cxd5 Qh4 19.Qd2 Bd7 20.Rac1 Rg8 21.Kh1 Rae8 22.Nfd1 Re7
23.Bd4 Bxd4 24.Qxd4+ Reg7 25.Ne3 Nc8 26.Bd3 Nce7 27.Ne2 Qh3 28.Ng1 Qh4 29.Ne2 Qh3
30.Ng1 Qh6 31.Rf3 Nh4 32.Rg3 Rc8 33.Rxc8+ Bxc8 34.Ne2 b6 35.Nc3 Kg8 36.Qxg7+ Qxg7
37.Rxg7+ Kxg7 38.Nb5 Ba6 39.Bc4 Bxb5 40.Bxb5 Nhg6 41.Bc6 Nxf4 42.b4 Kf6 43.a4 Nd3
44.b5 Nb2 45.Kg2 Nxa4 46.Nc4 Nc3 47.Nxd6 Ncxd5 48.Bxd5 Nxd5 49.Nc8 Ne7 50.Nxa7 Ke6
51.Kf3 Kd6 52.Kf4 Kc7  0-1

[Event "Porz op29"]
[Site "Porz"]
[Date "1993.??.??"]
[Round "5"]
[White "Neverov, Valeriy"]
[Black "Burovic, Ismet"]
[Result "1-0"]
[WhiteElo "2535"]
[BlackElo "2285"]

1.d4 Nf6 2.c4 g6 3.Nc3 Bg7 4.e4 d6 5.Nf3 O-O 6.Be2 e5 7.O-O Nc6 8.d5 Ne7
9.Ne1 Ne8 10.Nd3 f5 11.f4 c6 12.fxe5 dxe5 13.Bg5 h6 14.Bh4 cxd5 15.cxd5 g5
16.Bf2 b6 17.exf5 Bxf5 18.Bg3 Ng6 19.Bg4 Nf4 20.Bxf5 Rxf5 21.Nf2 Nd6 22.Nfe4 Rf7
23.Qc2 Ng6 24.Rae1 Nf8 25.Qd1 Rd7 26.Qg4  1-0

[Event "Porz op29"]
[Site "Porz"]
[Date "1993.??.??"]
[Round "5"]
[White "Zagorskis, Darius"]
[Black "Koscielski, Janusch"]
[Result "1-0"]
[WhiteElo "2425"]
[BlackElo "2215"]

1.d4 Nf6 2.c4 g6 3.Nc3 Bg7 4.e4 d6 5.Nf3 O-O 6.Be2 e5 7.O-O Nc6 8.d5 Ne7
9.b4 a5 10.Ba3 Nd7 11.bxa5 Rxa5 12.Bb4 Ra8 13.a4 Nc5 14.a5 f5 15.Bxc5 dxc5
16.Qb3 fxe4 17.Nxe4 Nf5 18.Ra2 Nd4 19.Nxd4 cxd4 20.c5 Kh8 21.Bd3 Rf4 22.d6 c6
23.Rfa1 Bh6 24.Ng3 Qf6 25.Rf1 Qd8 26.Rfa1 Qf6 27.Re1 Be6 28.Bc4 Bxc4 29.Qxc4 Rf8
30.Ne4 Qh4 31.Qd3 Qh5 32.Ng3 Qg5 33.Rae2 Qd8 34.Ra2 Qf6 35.Ne4 Qf7 36.Rb2 Qf5
37.Rbe2 Qf7 38.Rb1 Qd7 39.Nd2 R4f5 40.Ne4 Rf4 41.Rb3 Qf7 42.Rb6 Rf5 43.Qb3 Qd5
44.Qd3 Qf7 45.h3 Qd7 46.Rb3 Rf4 47.Qb1 R8f7 48.Ng3 Bg7 49.Reb2 Qd8 50.a6 Qf6
51.axb7 Rxf2 52.b8=Q+ Rf8  1-0

[Event "Porz op29"]
[Site "Porz"]
[Date "1993.??.??"]
[Round "7"]
[White "Loskamp, Stefan"]
[Black "Fuchs, Andreas"]
[Result "0-1"]
[WhiteElo "1910"]
[BlackElo "2145"]

1.d4 Nf6 2.Nf3 g6 3.c4 Bg7 4.Nc3 O-O 5.e4 d6 6.Be2 e5 7.O-O Nc6 8.d5 Ne7
9.Ne1 Ne8 10.Be3 f5 11.f3 f4 12.Bf2 g5 13.a4 Ng6 14.c5 Rf7 15.a5 dxc5 16.d6 Be6
17.Bxc5 Nxd6 18.Nd3 Bf8 19.Qa4 Nc4 20.Nd5 Nxb2 21.Qb3 Nxd3 22.Bxf8 Qxf8 23.Bxd3 c6
24.Bc4 cxd5 25.exd5 Rc7 26.d6 Bxc4  0-1

[Event "Porz op29"]
[Site "Porz"]
[Date "1993.??.??"]
[Round "8"]
[White "Maric, Boris"]
[Black "Neverov, Valeriy"]
[Result "0-1"]
[WhiteElo "1990"]
[BlackElo "2535"]

1.d4 Nf6 2.c4 g6 3.Nc3 Bg7 4.e4 d6 5.Nf3 O-O 6.Be2 e5 7.O-O Nc6 8.d5 Ne7
9.Ne1 Nd7 10.Nd3 f5 11.Bd2 Kh8 12.Rc1 Nf6 13.f3 c5 14.b4 cxb4 15.Nxb4 Qb6+
16.Kh1 Qxb4 17.Na4 Qa3 18.Rc3 Qxa2 19.Bd3 Bd7 20.Qc1 Qxa4 21.Ra3 Qxa3 22.Qxa3 fxe4
23.Be2 Nf5 24.Bb4 exf3 25.gxf3 Rfd8 26.Ra1 b5 27.Bxd6 Nxd6 28.Qxd6 bxc4 29.Bxc4 Bb5
30.Qb4 Bxc4 31.Qxc4 Nxd5  0-1

[Event "Protvino zt"]
[Site "Protvino"]
[Date "1993.??.??"]
[Round "?"]
[White "Lputian, Smbat G"]
[Black "Bagaturov, Giorgi"]
[Result "1-0"]
[WhiteElo "2610"]
[BlackElo "2485"]

1.d4 Nf6 2.c4 g6 3.Nc3 Bg7 4.e4 d6 5.Nf3 O-O 6.Be2 e5 7.O-O Nc6 8.d5 Ne7
9.Nd2 a5 10.a3 Nd7 11.Rb1 f5 12.b4 Kh8 13.Qc2 Ng8 14.exf5 gxf5 15.f4 exf4
16.Nf3 axb4 17.axb4 Ndf6 18.Bxf4 Ne4 19.Nxe4 fxe4 20.Nd2 Bf5 21.Nxe4 Qe8
22.Bd3 Qg6 23.Rbe1 Rae8 24.Bg3 Nf6 25.Nf2 Rxe1 26.Rxe1 Bxd3 27.Qxd3 Qxd3
28.Nxd3 b5 29.c5 Nxd5 30.cxd6 cxd6 31.Bxd6 Bd4+ 32.Kh1 Rd8 33.Ne5 Kg8 34.Rd1 Ra8
35.g3 Ne3 36.Re1 Nc2 37.Re4 Ne3 38.h4 Ra1+ 39.Kh2 Ba7 40.Nc6 Ra2+ 41.Kh3 Nf5
42.Bf4 Bg1 43.Kg4 Ng7 44.h5 Rc2 45.Ne5 Ne6 46.Nf3 Nxf4 47.gxf4 Bb6 48.Re8+ Kg7
49.h6+ Kf7 50.Rb8 Bc7 51.Ng5+ Ke7 52.Rh8  1-0

[Event "Pula tt"]
[Site "Pula"]
[Date "1993.??.??"]
[Round "?"]
[White "Cebalo, Miso"]
[Black "Lisjak, Zlatko"]
[Result "1-0"]
[WhiteElo "2485"]
[BlackElo "2355"]

1.d4 Nf6 2.Nf3 g6 3.c4 Bg7 4.Nc3 O-O 5.e4 d6 6.Be2 e5 7.O-O Nc6 8.Be3 Ng4
9.Bg5 f6 10.Bc1 f5 11.dxe5 dxe5 12.Qd5+ Kh8 13.Qxd8 Rxd8 14.Nd5 Rd7 15.Bg5 h6
16.Be3 Nxe3 17.fxe3 Ne7 18.Nxe7 Rxe7 19.Nh4 Kh7 20.exf5 Bxf5 21.Nxf5 gxf5
22.Rxf5 Rd8 23.Bg4 Red7 24.Raf1 Kg8 25.b3 Rd2 26.Rf7 Rf8 27.Rxc7 Rxa2 28.Rxb7 Rxf1+
29.Kxf1 Bf8 30.Be6+ Kh8 31.Rb5  1-0

[Event "Pula tt"]
[Site "Pula"]
[Date "1993.??.??"]
[Round "?"]
[White "Lalic, Bogdan"]
[Black "Cvitan, Ognjen"]
[Result "1/2-1/2"]
[WhiteElo "2515"]
[BlackElo "2575"]

1.c4 g6 2.d4 Nf6 3.Nc3 Bg7 4.e4 d6 5.Nf3 O-O 6.Be2 e5 7.O-O Nc6 8.d5 Ne7
9.Bg5 Nh5 10.g3 f6 11.Bd2 f5 12.exf5 Nxf5 13.Ne4 Qe8 14.Bd3 Nf6 15.a4 Nxe4
16.Bxe4 Nd4 17.Nxd4 exd4 18.Re1 Qf7 19.f4 Bd7 20.a5 Rae8 21.Qb3 b6 22.axb6 axb6
23.Bd3 Bh3 24.Rxe8 Rxe8 25.Re1 Bf6  1/2-1/2

[Event "CRO-Cup"]
[Site "Pula"]
[Date "1993.??.??"]
[Round "2"]
[White "Matijevic, Hrvoje"]
[Black "Jukic, Branimir"]
[Result "1-0"]
[WhiteElo "2295"]
[BlackElo "2360"]

1.d4 d6 2.Nf3 Nf6 3.c4 g6 4.Nc3 Bg7 5.e4 O-O 6.Be2 e5 7.O-O Nc6 8.d5 Ne7
9.Ne1 Nd7 10.Nd3 f5 11.Bd2 Nf6 12.f3 f4 13.g4 fxg3 14.hxg3 Nh5 15.Kg2 Nf6
16.Rh1 h6 17.c5 g5 18.Rc1 Ng6 19.Be3 Ne8 20.Qb3 b6 21.cxd6 cxd6 22.Nb4 Qf6
23.Nb5 Qf7 24.Nc6 Ba6 25.Qa4 Bxb5 26.Qxb5 Nf6 27.Qb4 Qd7 28.Bb5 Qf7 29.Qxd6 Ng4
30.fxg4 Qf3+ 31.Kh2 Rf6 32.Qa3 Nh4 33.gxh4 Qxg4 34.Ne7+ Kh7 35.Nf5 Rxf5 36.exf5 Qxh4+
37.Kg2 Qe4+ 38.Kf2 Rf8 39.Bd3 Rxf5+ 40.Ke2 Qg2+ 41.Kd1 Qxh1+ 42.Kc2 Qg2+
43.Kb1 e4 44.Bc2 Rxd5 45.Qxa7 Qf3 46.Qb7 Qf5 47.Re1 Qf6 48.Bc1 Rd8 49.Qxe4+ Kg8
50.Re3 Rd4 51.Qe8+ Bf8 52.Re6 Rd8 53.Qc6 Qd4 54.Qxb6 Qxb6 55.Rxb6 Kf7 56.a4 g4
57.Bxh6 Bc5 58.Bb3+  1-0

[Event "CRO-Cup"]
[Site "Pula"]
[Date "1993.??.??"]
[Round "3"]
[White "Lalic, Bogdan"]
[Black "Grdinic, Zvonimir"]
[Result "1-0"]
[WhiteElo "2515"]
[BlackElo "2410"]

1.c4 Nf6 2.Nf3 g6 3.Nc3 Bg7 4.e4 d6 5.d4 O-O 6.Be2 e5 7.O-O Nc6 8.d5 Ne7
9.Nd2 a5 10.a3 Nd7 11.Rb1 f5 12.b4 Kh8 13.Qc2 Ng8 14.f3 f4 15.Nb5 b6 16.c5 bxc5
17.bxc5 Nxc5 18.a4 Nf6 19.Ba3 Ne8 20.Rfc1 Rf7 21.Bxc5 dxc5 22.Qxc5 Ba6 23.Bf1 Qf6
24.Qf2 Bf8 25.Rc6 Qg5 26.Rbc1 Bxb5 27.Bxb5 Bb4 28.Nb3 Ba3 29.Ra1 Bb4 30.Nc5 Qe7
31.Rc1 Rf6 32.Ne6 Bd6 33.R6c4 Rxe6 34.dxe6 Qxe6 35.Bc6 Ra6 36.g3 fxg3 37.hxg3 h5
38.Kg2 Kg7 39.R1c2 Nf6 40.Qe3 Qe7 41.Rb2 Bb4 42.Rbc2 Bd6 43.Bb5 Ra8 44.Qc1 Ra7
45.Rc6 Nd7 46.Rxc7  1-0

[Event "CRO-Cup"]
[Site "Pula"]
[Date "1993.??.??"]
[Round "4"]
[White "Lalic, Bogdan"]
[Black "Lanka, Zigurds"]
[Result "1-0"]
[WhiteElo "2515"]
[BlackElo "2545"]

1.d4 Nf6 2.c4 g6 3.Nc3 Bg7 4.e4 d6 5.Nf3 O-O 6.Be2 e5 7.O-O Nc6 8.d5 Ne7
9.Nd2 c6 10.b4 a5 11.bxa5 Qxa5 12.Qc2 c5 13.Rb1 Qd8 14.Rb3 Ne8 15.Nb5 f5
16.exf5 Nxf5 17.g4 Nd4 18.Nxd4 exd4 19.Ne4 Bd7 20.Ng5 Nf6 21.Ne6 Bxe6 22.dxe6 Qe7
23.g5 Nh5 24.Qe4 Rxa2 25.Bxh5 gxh5 26.Rxb7 Re2 27.Qxe2 Qxb7 28.e7 Re8 29.Qe6+ Kh8
30.Re1 Qf3 31.Qxd6 Qg4+ 32.Qg3 Qf5 33.Qf4 Qg6 34.Ba3 Qc6 35.Qf7 d3 36.Bb2  1-0

[Event "CRO-Cup"]
[Site "Pula"]
[Date "1993.??.??"]
[Round "9"]
[White "Kozul, Zdenko"]
[Black "Fercec, Nenad"]
[Result "1-0"]
[WhiteElo "2550"]
[BlackElo "2385"]

1.d4 Nf6 2.Nf3 g6 3.c4 Bg7 4.Nc3 O-O 5.e4 d6 6.Be2 e5 7.O-O Nc6 8.d5 Ne7
9.Ne1 Ne8 10.Be3 f5 11.f3 f4 12.Bf2 h5 13.c5 g5 14.a4 Rf6 15.cxd6 cxd6 16.a5 Nc7
17.Kh1 Rh6 18.Nc2 Ng6 19.Na3 g4 20.fxg4 hxg4 21.Bxg4 Qg5 22.Bxc8 Rxc8 23.Nc4 Ne8
24.Nd2 Nf6 25.Nf3 Qh5 26.h3 Bf8 27.Bxa7 Rc7 28.Bf2 Rch7 29.Nh2 Qg5 30.Qf3 Rg7
31.Ne2 Nh8 32.Ra4 Nf7 33.Rb4 Qg6 34.Rxb7 Rgh7 35.Rxf7 Qxf7 36.a6 Qe8 37.Nc3 Qb8
38.Qe2 Qc8 39.Qd3 f3 40.Qxf3 Nh5 41.a7 Nf4 42.Ra1 Qa8 43.Ng4 Kh8 44.Ne2 Rf7
45.Nxf4 Rxf4 46.Qb3 Be7 47.Kg1 Rf8 48.Qb6  1-0

[Event "Reykjavik op"]
[Site "Reykjavik"]
[Date "1993.??.??"]
[Round "2"]
[White "Bischoff, Klaus"]
[Black "Hansson, Dan"]
[Result "1/2-1/2"]
[WhiteElo "2505"]
[BlackElo "2250"]

1.d4 Nf6 2.Nf3 g6 3.c4 Bg7 4.Nc3 O-O 5.e4 d6 6.Be2 e5 7.O-O Nc6 8.d5 Ne7
9.Ne1 Nd7 10.Nd3 f5 11.Bd2 Nf6 12.f3 f4 13.c5 g5 14.cxd6 cxd6 15.Nf2 Ng6
16.Qc2 Rf7 17.Rfc1 Ne8 18.a4 h5 19.h3 Nh4 20.Qd1 Bf8 21.Be1 Rg7 22.Ra3 Be7
23.a5 Bd7 24.Nb5 Qb8 25.Rac3 Bd8 26.b4 a6 27.Na3 b5 28.Nb1  1/2-1/2

[Event "ISD-FRA"]
[Site "Reykjavik"]
[Date "1993.??.??"]
[Round "2"]
[White "Hauchard, Arnaud"]
[Black "Jonsson, Bjorgvin"]
[Result "1/2-1/2"]
[WhiteElo "2450"]
[BlackElo "2400"]

1.d4 Nf6 2.c4 g6 3.Nc3 Bg7 4.e4 d6 5.Nf3 e5 6.Be2 O-O 7.O-O Nc6 8.d5 Ne7
9.Ne1 Nd7 10.Nd3 f5 11.Bd2 Nf6 12.f3 f4 13.g3 g5 14.g4 h5 15.h3 Ng6 16.Kf2 Nh4
17.Rg1 c6 18.Qb3 hxg4 19.hxg4 cxd5 20.cxd5 a6 21.Be1 b5 22.Kf1 Bd7 23.Bf2 a5
24.a3 Qb8 25.Rc1 Rc8 26.Ke1 Bf8 27.Kd1 Kg7 28.a4 bxa4 29.Qxb8 Raxb8 30.Ra1 Rb3
31.Kd2 a3 32.Nd1 axb2 33.N1xb2 Rcb8 34.Nc4 Bb5 35.Bxh4 Bxc4 36.Bxg5 Bxd3
37.Bxd3 Rb2+ 38.Bc2 Rc8 39.Rgc1 Rc5 40.Bh4 Be7 41.Bf2 Rcb5 42.Rab1 Bd8 43.Kc3 Rxb1
44.Rxb1 Rxb1 45.Bxb1 Nh7 46.Bc2 Ng5 47.Bd1 Kf7 48.Kc4 Ke8  1/2-1/2

[Event "Reykjavik op"]
[Site "Reykjavik"]
[Date "1993.??.??"]
[Round "4"]
[White "Gausel, Einar"]
[Black "Gislason, Gudmundur"]
[Result "1-0"]
[WhiteElo "2485"]
[BlackElo "2265"]

1.Nf3 Nf6 2.c4 g6 3.Nc3 Bg7 4.e4 d6 5.d4 O-O 6.Be2 e5 7.O-O Nc6 8.d5 Ne7
9.Nd2 a5 10.Rb1 Nd7 11.a3 f5 12.b4 axb4 13.axb4 Kh8 14.f3 f4 15.Qc2 g5 16.c5 dxc5
17.bxc5 Nxc5 18.Nb5 b6 19.Nb3 c6 20.Nxc5 bxc5 21.dxc6 Nxc6 22.Qxc5 Nd4 23.Nxd4 exd4
24.Bc4 Ba6 25.Bxa6 Rxa6 26.Rd1 g4 27.fxg4 Re6 28.Qd5 Qd6 29.Qb3 Rg6 30.Qf3 Qd7
31.Bxf4 Qxg4 32.Qxg4 Rxg4 33.Bd6 Re8 34.Re1 Be5 35.Rb8 Rgg8 36.Rxe8 Rxe8
37.Bxe5+ Rxe5 38.Kf2 Ra5 39.Rd1 Ra4 40.Rd2 Kg7 41.Kf3 Kf6 42.Kf4 Ke6 43.g4 Kd6
44.h4 Ke6 45.g5 Rc4 46.Rd3 Ra4 47.Rb3 Ra1 48.Rb6+ Ke7 49.Rh6 Rf1+ 50.Ke5 d3
51.Rd6 Rf3 52.Rd4 Rh3 53.Kf5 Rf3+ 54.Kg4 Re3 55.h5 Ke6 56.h6 Ke5 57.Rd5+ Ke6
58.Kf4 Rh3 59.Rd4 Kf7 60.Rd5 Ke6 61.Ra5 d2 62.Rd5 Rh2 63.Ke3 Rg2 64.Rxd2 Rxg5
65.Ra2 Kf7 66.Kf4 Rg6 67.Ra7+ Kg8 68.Kf5 Rxh6 69.e5 Rh1 70.Ke6 h5 71.Kd7 h4
72.e6 h3 73.Ra8+ Kg7 74.e7 Rd1+ 75.Kc7 Rc1+ 76.Kd6 Rd1+ 77.Kc5 Rc1+ 78.Kd4 Rd1+
79.Kc3  1-0

[Event "LAT-ch"]
[Site "Riga"]
[Date "1993.??.??"]
[Round "?"]
[White "Kupruks, Raimonds"]
[Black "Krakops, Maris"]
[Result "0-1"]
[WhiteElo "2175"]
[BlackElo "2295"]

1.d4 Nf6 2.c4 g6 3.Nc3 Bg7 4.e4 d6 5.Be2 O-O 6.Nf3 e5 7.O-O Nc6 8.d5 Ne7
9.Ne1 Nd7 10.f3 f5 11.Be3 f4 12.Bf2 g5 13.a4 Ng6 14.a5 h5 15.b4 Nf6 16.c5 g4
17.cxd6 cxd6 18.Nd3 g3 19.hxg3 fxg3 20.Bxg3 h4 21.Bh2 Nh5 22.f4 Nhxf4 23.Bf3 Qg5
24.Kh1 Bd7 25.Rc1 Rac8 26.Ne2 Nh5 27.Bxh5 Qxh5 28.Rxf8+ Rxf8 29.Ng1 Bg4 30.Qc2 Bh6
31.Re1 Bf4 32.Nxf4 exf4 33.Qc3 Ne5 34.Rf1 f3 35.Rf2 fxg2+ 36.Rxg2 Kh7 37.Bxe5 dxe5
38.Rh2 Rf1 39.Qc7+ Rf7 40.Qc3 Bf3+ 41.Nxf3 Rxf3 42.Qe1 h3 43.Rf2 Qf7 44.Kg1 Qg6+  0-1